| 000 | 00612nam a2200205Ia 4500 | ||
|---|---|---|---|
| 003 | OSt | ||
| 005 | 20260606111638.0 | ||
| 008 | 210210b1999 xxu||||| |||| 00| 0 eng d | ||
| 040 | _cAL | ||
| 041 | _aKannada | ||
| 082 | _a305.4K KAMM | ||
| 100 |
_aKAMATH (Jyothsna). _dಜ್ಯೋತ್ಸ್ನಾ ಕಾಮತ್ _9265418 |
||
| 245 |
_aMahile: ondu adhyayana _bಮಹಿಳೆ: ಒಂದು ಅಧ್ಯಯನ |
||
| 260 |
_aBengaluru. _bNavakarnataka Prakashana., _c1999 |
||
| 300 | _a102 | ||
| 650 |
_aWomen, Woman _9265419 |
||
| 690 |
_aSocial Structure _9265420 |
||
| 906 | _a057400 | ||
| 942 |
_2ddc _cBK |
||
| 999 |
_c104610 _d104610 |
||